000 01117nam a2200289Ia 4500
001 F6990
003 IT-RoPAU
008 130308s9999 xx 000 0 und d
040 _aIT-RoPAU
040 _cIT-RoPAU
041 _aITALIANO
100 _aCanepa Alessandro
100 _gCodice Aut. SPICS: 52628
245 _aAdame miroir di Jean Genet. Il sogno di un'estetica danzata
245 _bAdame Miroir di Jean Genet. Il sogno di un'estetica Danzata
250 _a1a ed.
260 _aGENOVA
260 _bErga Edizioni
260 _c1998 [1° Ed.:1998 - Ed.Ling.Originale:1998]
300 _a"112 p. (prefazione: no ; testo: 112 [pagine: 0-0])"
500 _aNota Iniziale di Gianni Poli. parte Prima: Accenni di Estetica Genettiana:Dalla Spontaneità della Scrittura al Progetto. 'Adame Miroir: un sogno Premonitore. parte Seconda: 'Adame Miroir: Storia e fortuna del Balletto, Analisi di 'Adame Miroir, Allestimento della compagnia Pierpaolo Koss. Bibliografia Selettiva.
650 _aDANZA E BALLETTO
650 _eCodice materia Spics: 8200
942 _cBK
957 _71
999 _c95010
_d95010
999 _g1